Estudio y guía para introducción al derecho
Gespeichert in:
| 1. Verfasser: | |
|---|---|
| Format: | Buch |
| Sprache: | Spanisch |
| Veröffentlicht: |
Buenos Aires
Bibliográfica Omeba
1965
|
| Schriftenreihe: | America en Letras
|
| Schlagworte: | |
| Tags: |
Tag hinzufügen
Keine Tags, Fügen Sie den ersten Tag hinzu!
|
MARC
| LEADER | 00000nam a2200000 a 4500 | ||
|---|---|---|---|
| 001 | UCT8941 | ||
| 003 | CL-VaPUC | ||
| 008 | 970326e19650000AG |||||||||||||||||spa|d | ||
| 082 | 0 | 4 | |a 340.11 |b RUI |2 21 |
| 100 | 0 | |a Ruiz de Erechun, Alberto Federico |e author |9 381222 | |
| 245 | 1 | 0 | |a Estudio y guía para introducción al derecho |
| 300 | |a 127 p | ||
| 942 | |c BK | ||
| 945 | |d 19970326 00:00:00 |a lriquelm | ||
| 260 | |a Buenos Aires |b Bibliográfica Omeba |c 1965 | ||
| 650 | 7 | |a INTRODUCCION AL DERECHO |2 CL-VaPUC |9 257015 | |
| 650 | 7 | |a DERECHO |2 CL-VaPUC |9 381223 | |
| 650 | 0 | |a Ordenamiento jurídico |9 355371 | |
| 650 | 0 | |a Aplicación del derecho |9 381025 | |
| 650 | 0 | |a Historia del derecho |9 255109 | |
| 650 | 0 | |a Sociología del derecho |9 254890 | |
| 583 | |a last modification |c 19970326 00:00:00 |k Rodrigo Vera | ||
| 490 | 0 | |a America en Letras | |
| 999 | |c 257413 |d 257411 | ||
| 952 | |0 0 |1 0 |4 0 |6 340_110000000000000_RUI_1965 |7 0 |8 DER_TF |9 280858 |a BIBDER |b BIBDER |d 2019-11-19 |i 1816624 |o 340.11 RUI 1965 |p 1816624 |r 2023-01-25 |w 2019-11-19 |x Ubicación 4to Piso |y BK |z Estos recursos deben solicitarse con anticipación |k DER | ||